000 00604nam a22002297a 4500
003 UA-OsUOA
001 68669
007 ta
008 20100513b un ||||| |||| 00| 0 ukr d
090 _a94(477.5)
_bЧ-48
942 _cBK
040 _aUA-OsUOA
_bukr
_cUA-OsUOA
_dUA-OsUOA
245 _aЧеркащина - духовності скарбниця
_cЧабан А.
300 _a328 с.
955 _a2
041 _aukr
080 _a94(477.5)
020 _a966-96412-1-2
260 _aК.
_c2003
650 7 _a9 Географія. Біографії. Історія
_2UDC
999 _c354926
_d354926